Normal view
MARC view
- Haider, Imran
Entry Personal Name
001 - CONTROL NUMBER
- control field: 127680
003 - CONTROL NUMBER IDENTIFIER
- control field: NUST
005 - DATE AND TIME OF LATEST TRANSACTION
- control field: 20250120161536.0
008 - FIXED-LENGTH DATA ELEMENTS
- fixed length control field: 250120|| aca||aabn | a|a d
040 ## - CATALOGING SOURCE
- Original cataloging agency: NUST
- Transcribing agency: NUST
100 ## - HEADING--PERSONAL NAME
- Personal name: Haider, Imran
670 ## - SOURCE DATA FOUND
- Source citation: Work cat.: (NUST): Haider, Imran, Fabrication and Reliability Study of Wide Band Polymer Matrix Composite Radomes/
